000 00586nam a2200205Ia 4500
001 11442
003 GE_BSU
008 181216s||||||||xx |||||||||||||| ||und||
040 _cGE_BSU
100 _aჯაფარიძე,გრ.
245 _aთუთის ხის კულტურა.
245 _cრედ:გრ.ნემსაძე.
260 _aთბილისი.
260 _bსახელგამი.
260 _c1950
300 _a163გვ;20სმ.
300 _bილ.
653 _aთუთის ხის კულტურა
942 _cBK
999 _c44639
_d44639